000 00843nam a2200205Ia 4500
001 dp4/10-45973
003 IT-MiCISF
008 161014s9999||||xx |||||||||||||| ||und||
040 _aIT-MiCISF
_cIT-MiCISF
041 _ait
100 _aAA.VV.
245 0 _aSeparati per sempre? La riconciliazione possibile
_bI divorziati risposati membri della Chiesa: una sfida sempre aperta
250 _a1a ed.
260 _aCremona
_bDiocesi di Cremona
_c2007
300 _app. 175
500 _aUfficio per la pastorale familiare - Convegno diocesano 25-29 gennaio 2004 # Nevi G., Lafranconi D., Vivaldelli G., Nicolli S., Mantovani M. / pastorale-familiare, pastorale-situazioni-difficili, nuove-nozze, separazione, esperienze, associazioni, indirizzi / documento
650 _apastorale-familiare
942 _cBK
957 _71
999 _a45973
_bsi
_g1
_c209078
_d209078